<?xml version="1.0" encoding="UTF-8"?>
<record
    xmlns:xsi="http://www.w3.org/2001/XMLSchema-instance"
    xsi:schemaLocation="http://www.loc.gov/MARC21/slim http://www.loc.gov/standards/marcxml/schema/MARC21slim.xsd"
    xmlns="http://www.loc.gov/MARC21/slim">

  <leader>00872cam a2200253 a 4500</leader>
  <controlfield tag="001">16612796</controlfield>
  <controlfield tag="005">20250423104033.0</controlfield>
  <controlfield tag="008">110112s2012    moua     b    001 0 eng  </controlfield>
  <datafield tag="020" ind1=" " ind2=" ">
    <subfield code="a">9781437707403 (pbk.)</subfield>
  </datafield>
  <datafield tag="040" ind1=" " ind2=" ">
    <subfield code="c">PK-LaUMT</subfield>
  </datafield>
  <datafield tag="082" ind1="0" ind2="0">
    <subfield code="a">617.572044</subfield>
    <subfield code="2">22</subfield>
    <subfield code="b">PHY-</subfield>
  </datafield>
  <datafield tag="245" ind1="0" ind2="0">
    <subfield code="a">Physical therapy of the shoulder /</subfield>
    <subfield code="c">edited by Robert A. Donatelli</subfield>
  </datafield>
  <datafield tag="250" ind1=" " ind2=" ">
    <subfield code="a">5th ed.</subfield>
  </datafield>
  <datafield tag="260" ind1=" " ind2=" ">
    <subfield code="a">St. Louis, Mo. :</subfield>
    <subfield code="b">Elsevier/Churchill Livingstone,</subfield>
    <subfield code="c">2012</subfield>
  </datafield>
  <datafield tag="300" ind1=" " ind2=" ">
    <subfield code="a">xii, 476 p. :</subfield>
    <subfield code="b">ill. ;</subfield>
    <subfield code="c">28 cm.</subfield>
  </datafield>
  <datafield tag="650" ind1=" " ind2="0">
    <subfield code="a">Shoulder</subfield>
    <subfield code="x">Wounds and injuries.</subfield>
    <subfield code="9">5401</subfield>
  </datafield>
  <datafield tag="650" ind1=" " ind2="0">
    <subfield code="a">Shoulder</subfield>
    <subfield code="x">Wounds and injuries</subfield>
    <subfield code="x">Treatment.</subfield>
    <subfield code="9">5402</subfield>
  </datafield>
  <datafield tag="650" ind1=" " ind2="0">
    <subfield code="a">Shoulder</subfield>
    <subfield code="x">Wounds and injuries</subfield>
    <subfield code="x">Physical therapy.</subfield>
    <subfield code="9">5403</subfield>
  </datafield>
  <datafield tag="650" ind1="1" ind2="2">
    <subfield code="a">Shoulder</subfield>
    <subfield code="x">injuries.</subfield>
    <subfield code="9">5404</subfield>
  </datafield>
  <datafield tag="650" ind1="1" ind2="2">
    <subfield code="a">Shoulder Joint</subfield>
    <subfield code="x">injuries.</subfield>
    <subfield code="9">5405</subfield>
  </datafield>
  <datafield tag="650" ind1="2" ind2="2">
    <subfield code="a">Physical Therapy Modalities.</subfield>
    <subfield code="9">4968</subfield>
  </datafield>
  <datafield tag="700" ind1="1" ind2=" ">
    <subfield code="a">Donatelli, Robert.</subfield>
    <subfield code="9">2149</subfield>
  </datafield>
  <datafield tag="942" ind1=" " ind2=" ">
    <subfield code="c">BK</subfield>
  </datafield>
  <datafield tag="999" ind1=" " ind2=" ">
    <subfield code="c">137353</subfield>
    <subfield code="d">137353</subfield>
  </datafield>
  <datafield tag="952" ind1=" " ind2=" ">
    <subfield code="0">0</subfield>
    <subfield code="1">0</subfield>
    <subfield code="4">0</subfield>
    <subfield code="7">0</subfield>
    <subfield code="a">HSC</subfield>
    <subfield code="b">HSC</subfield>
    <subfield code="d">2025-04-23</subfield>
    <subfield code="l">0</subfield>
    <subfield code="o">617.572044 PHY-</subfield>
    <subfield code="p">149376</subfield>
    <subfield code="r">2025-04-23 10:41:12</subfield>
    <subfield code="w">2025-04-23</subfield>
    <subfield code="y">BK</subfield>
  </datafield>
  <datafield tag="952" ind1=" " ind2=" ">
    <subfield code="0">0</subfield>
    <subfield code="1">0</subfield>
    <subfield code="4">0</subfield>
    <subfield code="7">0</subfield>
    <subfield code="a">HSC</subfield>
    <subfield code="b">HSC</subfield>
    <subfield code="d">2025-04-23</subfield>
    <subfield code="l">0</subfield>
    <subfield code="o">617.572044 PHY-</subfield>
    <subfield code="p">149377</subfield>
    <subfield code="r">2025-04-23 10:41:12</subfield>
    <subfield code="t">C.2</subfield>
    <subfield code="w">2025-04-23</subfield>
    <subfield code="y">BK</subfield>
  </datafield>
  <datafield tag="952" ind1=" " ind2=" ">
    <subfield code="0">0</subfield>
    <subfield code="1">0</subfield>
    <subfield code="4">0</subfield>
    <subfield code="7">0</subfield>
    <subfield code="a">HSC</subfield>
    <subfield code="b">HSC</subfield>
    <subfield code="d">2025-04-23</subfield>
    <subfield code="l">5</subfield>
    <subfield code="o">617.572044 PHY-</subfield>
    <subfield code="p">149378</subfield>
    <subfield code="r">2026-01-17 09:35:57</subfield>
    <subfield code="s">2026-01-09</subfield>
    <subfield code="t">C.3</subfield>
    <subfield code="w">2025-04-23</subfield>
    <subfield code="y">BK</subfield>
  </datafield>
</record>
